| 000 | 00710nam a2200289Ia 4500 | ||
|---|---|---|---|
| 005 | 20260324134102.0 | ||
| 008 | 008 260324s9999 xx 000 0 eng d | ||
| 020 | _a9781003448594 | ||
| 037 | _aEBOOK | ||
| 040 | _aCRL | ||
| 040 | _beng | ||
| 040 | _cCRL | ||
| 041 | _2eng | ||
| 041 | _aeng | ||
| 084 | _qCRL | ||
| 100 |
_aJohn Paul Hertel; Barbara Millis _91195518 |
||
| 245 | 0 | _aUsing Simulations to Promote Learning in Higher Education | |
| 245 | 3 | _bAn Introduction | |
| 260 | _bTaylor and Francis | ||
| 260 | _c2002 | ||
| 365 | _a | ||
| 365 | _b130 | ||
| 856 | _uhttp://www.taylorfrancis.com/books/9781003448594 | ||
| 942 | _cEBOOK | ||
| 999 |
_c1795214 _d1795214 |
||